000 00596nam a22001817a 4500
003 NUST
038 _aM Shaban
082 _aBE-EE-3
100 _aMuhammad Ahtesham Naeem
_992130
245 _aDesign and development of a real time decentralized water distribution network monitoring system
260 _aIslamabad
_bNUST-SEECS
_c2015
300 _a54
_eCD Include
500 _aSupervisors:Dr. Shahzad Younis, Dr. Imran Hashmi
700 _aFasih ur Rehman
_936018
700 _aMuhammad Hammad Dar
_992131
856 _uhttp://10.250.8.41:8080/xmlui/handle/123456789/10007
942 _cPR
_2ddc
999 _c13244
_d13244